00461nam a2200157Ia 4500008004100000020001400041082001200055100002900067245005100096250000900147260004400156300002600200500002700226600003300253650001700286240925s9999 xx 000 0 und d a852296330 a030 BRI aEncyclopedia , Britinica 4aThe New Encyclopaedia Britannica: micropeadia  a15th aChicago:bEncyclopadia Britanicc,1998. a1080p.b20fPhotocopy aIncludes Illustrations aHumanities & Natural Science aEncyclopedia